Most Played League of Legends Support Champions at Worlds - Statistics

General Stats
  • This quiz has been taken 13 times
    12 since last reset
  • The average score is 6 of 10
Answer Stats
Games Champion % Correct
153 Nautilus
100%
199 Thresh
88%
287 Rakan
75%
235 Leona
63%
121 Lulu
63%
110 Nami
63%
254 Alistar
50%
124 Janna
38%
116 Rell
25%
167 Braum
13%
No matching quizzes found
Score Distribution
Percent of People with Each Score
Percentile by Number Answered
Your Score History
You have not taken this quiz since the last reset